000 00709nam a2200253Ia 4500
001 Para_6449
003 CHAP
008 220125s1999 xx 000 0 und d
010 _a205189
040 _cCHAP
090 _aPA FOLLETO 458
100 _aTéliz Ortíz, Moíses
_9113537
245 _aEspecialización fisiológica del organismo causal de la antracnosis del frijol en México /
_c por Moises Téliz Ortíz
260 _as.l. :
_bs.n.
300 _a4 h.
650 _aAntracnosis del frijol
_96119
901 _aPA FOLLETO 458
902 _aA
905 _a00000019-- 0000000000 00
910 _a19--
942 _cPARA
942 _cPARA
_d1
999 _c205189
_d205189